[Event "12. Lichtenberger Sommer"]
[Site "Berlin"]
[Date "2013.08.24"]
[Round "8.2"]
[White "Stern, Rene"]
[Black "Giemsa, Stephan"]
[Result "1/2-1/2"]
[WhiteElo "2504"]
[BlackElo "2312"]
[PlyCount "167"]
[EventDate "2013.??.??"]
[WhiteTeam "SK König Tegel 1949 e.V."]
[BlackTeam "SK König Tegel 1949 e.V."]

1. d4 Nf6 2. c4 g6 3. Nc3 d5 4. e3 Bg7 5. Qb3 dxc4 6. Bxc4 O-O 7. Nf3 c5 8. d5
a6 9. a4 Nbd7 10. O-O Ne8 11. Rd1 Nd6 12. Be2 Ne5 13. Nd2 Qa5 14. Qc2 Bd7 15.
Nb3 Qc7 16. a5 c4 17. Nd4 Rfc8 18. h3 Bb5 19. e4 Nd3 20. Be3 Nb4 21. Qd2 Nd3
22. Ndxb5 axb5 23. Bb6 Qd7 24. Bxd3 cxd3 25. Qxd3 Nc4 26. Rab1 Nxb6 27. axb6 b4
28. Ne2 Qd6 29. Qb5 Ra6 30. Rbc1 Rd8 31. Rc6 Qe5 32. Rc4 Qxb2 33. Rxb4 Qc2 34.
Rf1 Rda8 35. Rc4 Qd2 36. Ng3 Bd4 37. Qb4 Qxb4 38. Rxb4 Bxb6 39. Rfb1 Bc5 40.
Rxb7 Ra2 41. R7b2 Bd4 42. Re2 h5 43. Kf1 h4 44. Rxa2 Rxa2 45. Ne2 Bc5 46. Rc1
Bb6 47. e5 Rd2 48. Rb1 Bc5 49. d6 exd6 50. exd6 Bxd6 51. Nc3 Be5 52. Ne4 Rc2
53. Rd1 Kg7 54. Ng5 Bf6 55. Nf3 Ra2 56. Rd3 Be7 57. Rd4 Ra1+ 58. Ke2 Ra2+ 59.
Rd2 Ra4 60. Rc2 Bf6 61. Nd2 Rb4 62. Kf3 Bd4 63. Nc4 f5 64. Ke2 Kf6 65. Nd2 Rb2
66. Rxb2 Bxb2 67. Nc4 Bd4 68. g4 Ke6 69. Kf3 Kd5 70. Nd2 Bf6 71. Ke3 Bb2 72.
Nf3 Bf6 73. Kd3 Kc5 74. Nd2 Kd5 75. Nf1 Bd4 76. Nh2 Bf6 77. Nf3 Kc5 78. Ke3 Kd5
79. Nd2 Bd4+ 80. Kf3 Bf6 81. Nb3 Kc4 82. Nc1 Kd4 83. Nb3+ Kc4 84. Nc1 1/2-1/2

[Event "12. Lichtenberger Sommer"]
[Site "Berlin"]
[Date "2013.08.24"]
[Round "8.3"]
[White "Meister, Jakob"]
[Black "Friedrich, Wiede"]
[Result "1/2-1/2"]
[WhiteElo "2517"]
[BlackElo "2253"]
[PlyCount "135"]
[EventDate "2013.??.??"]
[WhiteTeam "SK Zehlendorf e.V."]
[BlackTeam "USV Potsdam e.V., Abt. Schach"]

1. e4 c5 2. c3 d5 3. exd5 Qxd5 4. Nf3 g6 5. Na3 Bg7 6. Bc4 Qe4+ 7. Kf1 Be6 8.
Bb5+ Bd7 9. d4 Nf6 10. Bd3 Qd5 11. Bc4 Qh5 12. Nb5 Na6 13. Be3 cxd4 14. Nfxd4
Ng4 15. Qf3 O-O 16. h3 Nxe3+ 17. Qxe3 Qc5 18. Be2 Rfd8 19. Nb3 Qxe3 20. fxe3
Bxb5 21. Bxb5 Nc7 22. Bc4 b5 23. Be2 b4 24. cxb4 Nd5 25. Bf3 Bxb2 26. Rb1 Ba3
27. Bxd5 Rxd5 28. Nd4 Rc8 29. b5 Rb8 30. Ke2 e5 31. Nc2 Bf8 32. a4 a6 33. bxa6
Ra8 34. Rb5 Rc5 35. Rxc5 Bxc5 36. Kd3 Rxa6 37. Ra1 Ra5 38. e4 f5 39. Ne3 Bxe3
40. Kxe3 Kf7 41. exf5 gxf5 42. Kd3 f4 43. Kc4 e4 44. Kd4 e3 45. Kd3 Ke6 46. Ke2
Kf5 47. Kf3 Re5 48. Rb1 Kf6 49. Rb6+ Kg7 50. Rb5 Re8 51. Ke2 Re4 52. a5 Ra4 53.
Kf3 Ra1 54. Rb4 Rf1+ 55. Ke2 Rf2+ 56. Ke1 Rxg2 57. Rxf4 Ra2 58. Rf5 Kg6 59. Rb5
Kg7 60. h4 Kh6 61. Re5 Kg6 62. h5+ Kh6 63. Kd1 Kg7 64. Ke1 Kh6 65. Rb5 Kg7 66.
Rb7+ Kh6 67. Ra7 Kxh5 68. Rxh7+ 1/2-1/2

[Event "12. Lichtenberger Sommer"]
[Site "Berlin"]
[Date "2013.08.24"]
[Round "8.4"]
[White "Kalinitschew, Sergey"]
[Black "Lorenz, Sascha"]
[Result "1-0"]
[WhiteElo "2442"]
[BlackElo "2283"]
[PlyCount "97"]
[EventDate "2013.??.??"]
[WhiteTeam "SC Kreuzberg e.V."]
[BlackTeam "SK König Tegel 1949 e.V."]

1. e4 e5 2. Nf3 Nc6 3. Bc4 Nf6 4. d3 Be7 5. O-O O-O 6. Nc3 d6 7. a4 Bg4 8. h3
Bh5 9. g4 Nxg4 10. hxg4 Bxg4 11. Be3 Kh8 12. Kg2 f5 13. exf5 Nd4 14. Bxd4 Rxf5
15. Bd5 exd4 16. Be4 Bxf3+ 17. Bxf3 Rg5+ 18. Kh1 dxc3 19. bxc3 Qd7 20. Bg2 Rf8
21. f4 Ra5 22. Qf3 b6 23. Bh3 Qe8 24. Rae1 Qf7 25. Re2 Bf6 26. c4 Re8 27. Rfe1
Rxe2 28. Rxe2 g6 29. Kg2 g5 30. Be6 Qf8 31. Bd5 gxf4 32. Qxf4 Qg7+ 33. Kh1 Be5
34. Qg4 Qf6 35. Qh3 Qf8 36. Be4 h6 37. Re1 Rxa4 38. Qd7 Qg8 39. Qxa4 Qd8 40.
Re3 Qh4+ 41. Kg1 Qg5+ 42. Kf1 Qf4+ 43. Rf3 Qc1+ 44. Ke2 b5 45. cxb5 Bc3 46.
Rf8+ Kg7 47. Rf7+ Kg8 48. Rf1 Qd2+ 49. Kf3 1-0

[Event "12. Lichtenberger Sommer"]
[Site "Berlin"]
[Date "2013.08.24"]
[Round "8.5"]
[White "Ross, Chris N"]
[Black "Nötzel, Felix"]
[Result "1/2-1/2"]
[WhiteElo "2240"]
[BlackElo "2076"]
[PlyCount "73"]
[EventDate "2013.??.??"]
[WhiteTeam "Schachgemeinschaft Niederkassel"]
[BlackTeam "Sfrd. Berlin 1903 e.V."]

1. e4 d5 2. exd5 Qxd5 3. Nc3 Qa5 4. d4 c6 5. Bc4 Bf5 6. Nf3 Nf6 7. Qe2 e6 8.
Bd2 Bb4 9. O-O-O Nbd7 10. a3 Bxc3 11. Bxc3 Qc7 12. Ne5 Nxe5 13. dxe5 Nd5 14.
Bd2 O-O-O 15. g4 Bg6 16. f4 h5 17. h3 hxg4 18. hxg4 Rxh1 19. Rxh1 Qb6 20. Rf1
Qd4 21. f5 exf5 22. gxf5 Bh5 23. Qxh5 Qxc4 24. Rf2 Qa2 25. c3 Nb6 26. Bg5 f6
27. Rd2 fxg5 28. Rxd8+ Kxd8 29. Qh8+ Kc7 30. Qxg7+ Kc8 31. Qf8+ Kc7 32. Qe7+
Kc8 33. Qe8+ Kc7 34. Qe7+ Kc8 35. Qf8+ Kc7 36. Qg7+ Kc8 37. Qf8+ 1/2-1/2

[Event "12. Lichtenberger Sommer"]
[Site "Berlin"]
[Date "2013.08.24"]
[Round "8.6"]
[White "Radovanovic, Jovica"]
[Black "Reichenbach, Werner"]
[Result "1/2-1/2"]
[WhiteElo "2341"]
[BlackElo "2279"]
[PlyCount "114"]
[EventDate "2013.??.??"]
[WhiteTeam "vereinslos"]
[BlackTeam "Schachclub Oberkrämer"]

1. d4 Nf6 2. Nf3 d5 3. c4 c6 4. Nc3 g6 5. cxd5 cxd5 6. Bf4 Bg7 7. e3 a6 8. Rc1
O-O 9. h3 e6 10. Be2 Nc6 11. O-O Ne4 12. Na4 Ne7 13. Qb3 b5 14. Nc5 Nd6 15. a4
Qb6 16. axb5 axb5 17. Bxd6 Qxd6 18. Bxb5 Rb8 19. Qd3 Qb6 20. Ba4 Nc6 21. Bxc6
Qxc6 22. b3 f6 23. Rfd1 Rd8 24. Qc3 Qb5 25. Ra1 Bf8 26. Ra5 Qb4 27. Qxb4 Rxb4
28. Rc1 Rb8 29. Ra7 Bd6 30. g4 g5 31. Kg2 Re8 32. Nd7 Bxd7 33. Rxd7 Red8 34.
Rxd8+ Rxd8 35. Rc6 Kf7 36. Rb6 Be7 37. b4 Ra8 38. b5 Ra3 39. Kg3 Rb3 40. h4 h6
41. hxg5 hxg5 42. Ne1 Bb4 43. Ng2 Ke7 44. Rb7+ Kd8 45. f4 gxf4+ 46. Kxf4 Bd6+
47. Kf3 e5 48. dxe5 Bxe5 49. g5 fxg5 50. Kg4 Bc7 51. Kxg5 Kc8 52. Ra7 d4 53.
Ra2 Kb7 54. exd4 Rxb5+ 55. Kf6 Bb6 56. Rd2 Rd5 57. Ke6 Rxd4 1/2-1/2

[Event "12. Lichtenberger Sommer"]
[Site "Berlin"]
[Date "2013.08.24"]
[Round "8.9"]
[White "Thorarinsson, Pall A"]
[Black "Schneider, Christian"]
[Result "1-0"]
[WhiteElo "2222"]
[BlackElo "2221"]
[PlyCount "73"]
[EventDate "2013.??.??"]
[WhiteTeam "Athenaeum Chess Club London"]
[BlackTeam "SG Blau-Weiß Stadtilm"]

1. c4 Nf6 2. d4 e6 3. Nc3 Bb4 4. e3 O-O 5. Nge2 b6 6. a3 Bxc3+ 7. Nxc3 Bb7 8.
Bd3 d5 9. O-O dxc4 10. Bxc4 c5 11. dxc5 Qc8 12. b4 bxc5 13. b5 Nbd7 14. Bb2 Ne5
15. Qb3 Qc7 16. f3 Rad8 17. Ne2 Nxc4 18. Qxc4 Rd2 19. Bc3 Bd5 20. Qf4 Qxf4 21.
Nxf4 Rc2 22. Bxf6 gxf6 23. Rfc1 Rxc1+ 24. Rxc1 Rc8 25. Nd3 c4 26. e4 Bb7 27.
Nb2 Rc5 28. a4 c3 29. Nd1 c2 30. Ne3 Rc3 31. Kf2 a6 32. Rxc2 Rxc2+ 33. Nxc2
axb5 34. axb5 Kf8 35. Na3 Ke7 36. Nc4 e5 37. Na5 1-0

[Event "12. Lichtenberger Sommer"]
[Site "Berlin"]
[Date "2013.08.24"]
[Round "8.11"]
[White "Schmidt, Martin"]
[Black "Vogel, Robert"]
[Result "1/2-1/2"]
[WhiteElo "2061"]
[BlackElo "2256"]
[PlyCount "38"]
[EventDate "2013.??.??"]
[WhiteTeam "SC Borussia Friedrichsfelde 1920"]
[BlackTeam "SG Pang-Rosenheim 1910 e.V."]

1. e4 Nc6 2. Nf3 d6 3. d4 Nf6 4. Nc3 g6 5. h3 Bg7 6. Be3 O-O 7. Qd2 e5 8. dxe5
dxe5 9. O-O-O Qxd2+ 10. Nxd2 Rd8 11. Bc4 Bd7 12. Nb3 b6 13. Bg5 h6 14. Bxf6
Bxf6 15. Nd5 Bg5+ 16. Kb1 Be6 17. h4 Be7 18. Nxe7+ Nxe7 19. Bxe6 fxe6 1/2-1/2

[Event "12. Lichtenberger Sommer"]
[Site "Berlin"]
[Date "2013.08.24"]
[Round "8.12"]
[White "Lerch, Philipp"]
[Black "Hahlbohm, Matthias"]
[Result "1/2-1/2"]
[WhiteElo "2152"]
[BlackElo "2115"]
[PlyCount "101"]
[EventDate "2013.??.??"]
[WhiteTeam "SK König Tegel 1949 e.V."]
[BlackTeam "TSG Oberschöneweide e.V."]

1. e4 c5 2. Nf3 d6 3. d4 cxd4 4. Nxd4 Nf6 5. Nc3 a6 6. Bg5 e6 7. f4 Qc7 8. Qf3
b5 9. Bxf6 gxf6 10. O-O-O Bb7 11. Qh5 Qc8 12. f5 e5 13. Nb3 Nd7 14. a3 Nc5 15.
Bd3 Qc7 16. Kb1 Qb6 17. Nxc5 Qxc5 18. Na2 a5 19. Nc1 Qb6 20. Rhe1 Bc6 21. Na2
b4 22. Bc4 Ra7 23. Rd3 Bb5 24. Bxb5+ Qxb5 25. Rd5 Qb6 26. axb4 axb4 27. Qe2 Rb7
28. Qc4 Be7 29. Qc8+ Bd8 30. Rxd6 Qxd6 31. Qxb7 O-O 32. Re3 Bb6 33. Rg3+ Kh8
34. Rd3 Qc5 35. Qd5 Qg1+ 36. Rd1 Qf2 37. Qd6 Kg7 38. Qxb4 Rd8 39. Rxd8 Bxd8 40.
Qc3 Qxg2 41. Qd3 Qg1+ 42. Nc1 Bb6 43. c3 Qxh2 44. Ne2 h5 45. Qf3 h4 46. Kc2 Qf2
47. Qg4+ Kf8 48. Kd2 Qe3+ 49. Ke1 Qf2+ 50. Kd2 Qe3+ 51. Ke1 1/2-1/2

[Event "12. Lichtenberger Sommer"]
[Site "Berlin"]
[Date "2013.08.24"]
[Round "8.13"]
[White "Püschel, Werner"]
[Black "Sawlin, Leonid"]
[Result "1/2-1/2"]
[WhiteElo "2106"]
[BlackElo "2021"]
[PlyCount "176"]
[EventDate "2013.??.??"]
[WhiteTeam "SG Lasker Steglitz-Wilmersdorf"]
[BlackTeam "TuS Makkabi Berlin e.V."]

1. Nf3 d5 2. e3 Nd7 3. c4 Ngf6 4. cxd5 Nxd5 5. d4 g6 6. Nc3 N7f6 7. Bd3 Bg7 8.
O-O O-O 9. a3 c5 10. Nxd5 Qxd5 11. Qe2 cxd4 12. Nxd4 Ng4 13. Bc4 Qd6 14. Nf3
Rd8 15. h3 Ne5 16. Nxe5 Bxe5 17. Qf3 Bf6 18. e4 Qd4 19. Bb3 Bd7 20. Rd1 Qb6 21.
e5 Bc6 22. Qc3 Rxd1+ 23. Bxd1 Bg7 24. Be3 Qb5 25. Bf4 Rd8 26. a4 Qd3 27. Qxd3
Rxd3 28. Bc2 Rd4 29. Be3 Rc4 30. Bd3 Rb4 31. Bxa7 Bxe5 32. Re1 Bd6 33. a5 Rxb2
34. Bb6 h5 35. Rb1 Rd2 36. Bf1 Ra2 37. Bc4 Ra4 38. Bf1 Bb4 39. a6 bxa6 40. Bxa6
Be4 41. Bb5 Bxb1 42. Bxa4 e5 43. Bb3 Kg7 44. h4 Bd3 45. Bd5 Kf8 46. g3 Ke7 47.
Be3 Bc3 48. Bc5+ Kf6 49. Be3 Bd4 50. Bg5+ Kg7 51. Be7 f6 52. Kg2 Bc3 53. Kg1
Bd2 54. Kg2 g5 55. hxg5 fxg5 56. Bd8 Kg6 57. Bc6 Kf5 58. Bd7+ Ke4 59. Bc6+ Kd4
60. Bb6+ Kc3 61. Ba5+ Kc2 62. Ba4+ Kc1 63. Bc7 e4 64. Bc6 Kd1 65. Bb6 Ke1 66.
Bc5 Kd1 67. Ba4+ Kc1 68. Bc6 Kc2 69. Bb6 Kb3 70. Bb7 Kc4 71. Ba6+ Kd5 72. Bb7+
Kd6 73. Kg1 Ke6 74. Kg2 Kf5 75. Bc8+ Kg6 76. Bb7 Kf5 77. Bc8+ Kf6 78. Bb7 g4
79. Bd4+ Ke6 80. Bb6 Bb4 81. Be3 Kf5 82. Bc8+ Ke5 83. Bf4+ Kd4 84. Be3+ Kc4 85.
Be6+ Kb5 86. Bf7 Be2 87. Bxh5 Kc4 88. Be8 Bf3+ 1/2-1/2

[Event "12. Lichtenberger Sommer"]
[Site "Berlin"]
[Date "2013.08.24"]
[Round "8.16"]
[White "Millward, Kevin P"]
[Black "Von Herman, Ulf"]
[Result "0-1"]
[WhiteElo "1920"]
[BlackElo "2392"]
[PlyCount "94"]
[EventDate "2013.??.??"]
[WhiteTeam "Athenaeum Chess Club London"]
[BlackTeam "SK König Tegel 1949 e.V."]

1. g3 g6 2. Bg2 Bg7 3. e4 c5 4. Ne2 Nc6 5. d3 d6 6. O-O e5 7. Nbc3 Nge7 8. Be3
h5 9. h4 Bg4 10. Qd2 Qd7 11. Kh2 Nd4 12. Ng1 f6 13. f3 Be6 14. Bh3 d5 15. Bxe6
Nxe6 16. Nxd5 Nxd5 17. exd5 Qxd5 18. Ne2 f5 19. f4 Kf7 20. fxe5 Bxe5 21. Nf4
Nxf4 22. Bxf4 Bg7 23. Qg2 Qd7 24. Rae1 Rhe8 25. b3 Bc3 26. Bd2 Be5 27. Qf2 Re6
28. Bf4 Bd4 29. Qf3 Rae8 30. Bd2 Be5 31. Kg2 b5 32. Re2 c4 33. bxc4 bxc4 34.
dxc4 Bxg3 35. Rxe6 Qxd2+ 36. Kxg3 Rxe6 37. Qd5 Qxc2 38. Qd7+ Re7 39. Qd5+ Kg7
40. Rf2 Qc3+ 41. Kg2 Re3 42. Qb7+ Kh6 43. Qb8 Re4 44. Qf8+ Qg7 45. Qd8 Rg4+ 46.
Kf3 Qc3+ 47. Ke2 Qxc4+ 0-1

[Event "12. Lichtenberger Sommer"]
[Site "Berlin"]
[Date "2013.08.24"]
[Round "8.17"]
[White "Hertwig, Christopher"]
[Black "Boetzer, Detlef"]
[Result "1-0"]
[WhiteElo "2052"]
[BlackElo "2275"]
[PlyCount "77"]
[EventDate "2013.??.??"]
[WhiteTeam "SK König Tegel 1949 e.V."]
[BlackTeam "SC Rotation Pankow e.V."]

1. c4 c5 2. g3 Nf6 3. Bg2 Nc6 4. Nf3 e6 5. O-O Be7 6. d4 cxd4 7. Nxd4 O-O 8.
Nc3 Ne5 9. b3 Re8 10. Bb2 a6 11. Qd2 d6 12. f4 Ng6 13. f5 Nf8 14. fxe6 fxe6 15.
Rad1 Qb6 16. Kh1 h6 17. Na4 Qa7 18. Nc2 e5 19. Nc3 Rb8 20. Nd5 Nxd5 21. Bxd5+
Be6 22. Bxe6+ Nxe6 23. Qd5 Bf8 24. Ba3 Rbd8 25. Rf3 b6 26. e4 Kh8 27. Rdf1 Ng5
28. Rd3 Qa8 29. Qxa8 Rxa8 30. Re1 Red8 31. h4 Nf7 32. Rd5 g6 33. Bb4 Kg7 34. a4
Rdc8 35. Re2 a5 36. Be1 Kf6 37. Bf2 Rc6 38. Rb5 Rb8 39. Ne3 1-0

[Event "12. Lichtenberger Sommer"]
[Site "Berlin"]
[Date "2013.08.24"]
[Round "8.18"]
[White "Rietze, Clemens"]
[Black "Guenther, Thomas"]
[Result "1/2-1/2"]
[WhiteElo "2273"]
[BlackElo "2088"]
[PlyCount "109"]
[EventDate "2013.??.??"]
[WhiteTeam "USV Potsdam e.V., Abt. Schach"]
[BlackTeam "SV Senat"]

1. e4 c5 2. Nf3 Nc6 3. d4 cxd4 4. Nxd4 Qb6 5. Nb3 Nf6 6. Bd3 e6 7. O-O Be7 8.
c4 d6 9. Nc3 a6 10. Be3 Qc7 11. Rc1 Ne5 12. Be2 b6 13. f3 Bb7 14. Qe1 O-O 15.
Qf2 Ned7 16. Nd4 Qd8 17. Rfd1 Rc8 18. a3 Ne5 19. Na4 Nfd7 20. b4 Bc6 21. Nxc6
Rxc6 22. f4 Nxc4 23. Bxc4 b5 24. Bb3 Rxc1 25. Rxc1 bxa4 26. Bxa4 Nf6 27. Bb6
Qb8 28. Ba7 Rc8 29. Rc6 Rxc6 30. Bxc6 Qc8 31. Qb6 Nxe4 32. Qb7 Qxb7 33. Bxb7 d5
34. Bxa6 Kf8 35. Bd3 Ke8 36. Bd4 f6 37. Kf1 Kd7 38. Ke2 g6 39. Ke3 f5 40. Bb5+
Kc7 41. Be5+ Kd8 42. Bb2 g5 43. g3 g4 44. Kd3 h5 45. Bd4 Kc7 46. Kc2 h4 47.
gxh4 Bxh4 48. Be2 Be1 49. Be5+ Kb6 50. Bd4+ Kc7 51. Bd3 Nf2 52. Be5+ Kb6 53.
Bf1 Nh3 54. Kd1 Bf2 55. a4 1/2-1/2

[Event "12. Lichtenberger Sommer"]
[Site "Berlin"]
[Date "2013.08.24"]
[Round "8.20"]
[White "Niehaus, Frank"]
[Black "Strobel, Norbert"]
[Result "1-0"]
[WhiteElo "2208"]
[BlackElo "2048"]
[PlyCount "47"]
[EventDate "2013.??.??"]
[WhiteTeam "SK König Tegel 1949 e.V."]
[BlackTeam "SV Koblenz 03/25"]

1. e4 c6 2. d4 d5 3. e5 Bf5 4. Nc3 e6 5. g4 Bg6 6. Nge2 c5 7. Be3 Nc6 8. dxc5
Nxe5 9. Nf4 Ne7 10. Bb5+ N7c6 11. Qe2 a6 12. Ba4 Qa5 13. a3 O-O-O 14. b4 Nxb4
15. axb4 Qxb4 16. Bd2 Nc4 17. c6 b6 18. c7 Rd6 19. O-O b5 20. Rfb1 Qc5 21. Bxb5
axb5 22. Nxb5 Rc6 23. Ra8+ Kb7 24. Rba1 1-0